Tratado das verbas trabalhistas Lg̤ica e Cl̀culos Trabalhistas /

Bibliographic Details
Main Author: Sanchez, Adilson
Format: eBook
Language:Portuguese
Published: San Pablo: LTR Editora, 2014
Subjects:
Online Access:Acceso restringido

MARC

LEADER 00000nam a22000007a 4500
005 20140502221210.0
007 cr|||| ||||
008 140502s2014 br |||||s|||| 00||0 por d
020 |a 978-85-361-2842-9 
035 |a 12123 
040 |a vLex 
090 |c 4903  |d 4903 
100 1 |a Sanchez, Adilson 
245 1 0 |a Tratado das verbas trabalhistas  |h [Recurso electrn̤ico] :  |b Lg̤ica e Cl̀culos Trabalhistas /  |c Adilson Sanchez 
256 |a Servicio en ln̕ea 
260 |a San Pablo:  |b LTR Editora,  |c 2014 
300 |a 1 recurso electrn̤ico 
506 1 |a Disponible solo en los productos indicados  |d vLex Global  |d vLex Global (Academic Edition, excluding Law Schools)  |d vLex Global (U.S. Academic Edition, Law Schools)  |d vLex Global (U.S. Academic Edition, excluding Law Schools)  |d vLex Global (Academic Edition, Law Schools) 
650 0 4 |a Derecho Laboral y Seguridad Social  |z Brasil 
740 0 |a vLex Libros (Servicio en ln̕ea) 
856 4 0 |u http://vlex.com/source/tratado-verbas-trabalhistas-12123  |z Acceso restringido 
942 |c BOOK 
999 0 |a Labor Law and Social Security